| 000 | 01044cam a22003257a 4500 | ||
|---|---|---|---|
| 003 | CHAP | ||
| 005 | 20220329142448.0 | ||
| 008 | 010326d1999 uk a r 00110 eng d | ||
| 010 | _a83825 | ||
| 011 | _a84797 | ||
| 020 | _a0419223606 | ||
| 035 | _a95323 | ||
| 040 | _cCHAP | ||
| 082 | 0 | 4 |
_a627.82 _bJ6 |
| 100 | 0 | 0 |
_aJobin, William. _961745 |
| 245 | 1 | 0 |
_aDams and disease : _becological desing and health impacts of large dams, canals and irrigation systems _c/by William Jobin |
| 260 |
_aLondon : _bE & FN Spon, _c1999. |
||
| 300 |
_a580 p. : _bilus. |
||
| 590 |
_aBATCH-UPD _b10 _c20130110 _lUCH01 _h0713 |
||
| 590 |
_aBATCH-UPD _b10 _c20130410 _lUCH01 _h0358 |
||
| 590 |
_aBATCH-UPD _b10 _c20130914 _lUCH01 _h0832 |
||
| 590 |
_aCONVERSION _b10 _c20130109 _lUCH01 _h1347 |
||
| 650 | 1 | 4 |
_aCanales. _918255 |
| 650 | 1 | 4 |
_aIngeniería hidráulica. _958235 |
| 650 | 1 | 4 |
_aPresas. _991480 |
| 901 | _aBK | ||
| 905 | _aLilia Sánchez G. | ||
| 942 | _cLIBRO | ||
| 949 |
_a627.82 J6 _bBC _cLIBRO _d33724000820791 _eLIBRO _gI.210897 _h99997 _i95323 _si _t$835.00 |
||
| 999 |
_c83825 _d83825 |
||